16 Fairly Difficult Flags #1 - Statistics

General Stats
  • This quiz has been taken 10 times
  • The average score is 6 of 16
Answer Stats
Picture Answer % Correct
McDonald's
89%
Unified Korea
89%
BRICS
78%
New Mexico
78%
Friesland
44%
Bern
33%
Crete
33%
Jammu and Kashmir
22%
Kyiv
22%
Mars
22%
Papal States
22%
Mauryan Empire
11%
Proposed flag of Armenia
11%
anangu pitjantjatjara yankunytjatjara
0%
Asia
0%
Rubber Pride
0%
No matching quizzes found
Score Distribution
Percent of People with Each Score
Percentile by Number Answered
Your Score History
You have not taken this quiz